000 01867cam a22003854a 4500
001 14343593
003 OSt
005 20260313102741.0
008 060418s2006 ilua b 001 0 eng
010 _a 2006013028
020 _a083082832X
_qpbk. : alk. paper
020 _a9780830828326
_qpbk. : alk. paper
020 _a9780830828326
035 _a14343593
035 _a(OCoLC)67728064
040 _aDLC
_cDLC
_dDLC
042 _apcc
050 0 0 _aBT77
_b.B97 2006
082 0 0 _a230/.044
_222
100 1 _aBuschart, W. David.
245 1 0 _aExploring Protestant traditions :
_ban invitation to theological hospitality /
_cW. David Buschart.
260 _aDowners Grove, Ill. :
_bIVP Academic,
_cc2006.
300 _a373 p. :
_bill. ;
_c23 cm.
336 _atext
_btxt
_2rdacontent
337 _aunmediated
_bn
_2rdamedia
338 _avolume
_bnc
_2rdacarrier
504 _aIncludes bibliographical references (p. [281]-362) and indexes.
505 0 _aIntroduction -- A gospel of grace : Lutheran theology -- Faith for radical community : Anabaptist theology -- To the glory of God, and God alone : Reformed theology -- The spirit of a via media : Anglican theology -- Freedom for immediacy : Baptist theology -- Grace-full holiness and holy wholeness : Wesleyan theology -- Rightly dividing the scriptures : dispensational theology -- The spirit of continuity : Pentecostal theology -- Theological traditions and Christian hospitality.
650 0 _aTheology, Doctrinal.
856 4 1 _3Table of contents
_uhttp://www.loc.gov/catdir/toc/ecip0612/2006013028.html
906 _a7
_bcbc
_corignew
_d1
_eecip
_f20
_gy-gencatlg
942 _2lcc
_cBK
999 _c21347
_d21346